Un soldado de la Conquista de Chile. Publicado en los Anales de la Universidad

Saved in:
書目詳細資料
主要作者: Amunátegui Solar, Domingo (Author)
格式: 圖書
語言:西班牙语
出版: Santiago Imprenta Cervantes, Bandera, 46 1898
版:2a. ed
主題:
標簽: 添加標簽
沒有標簽, 成為第一個標記此記錄!

MARC

LEADER 00000nam a2200000 a 4500
001 UCJ5071
003 CL-VaPUC
008 070124e18980000CL |||||||||||||||||spa|d
082 0 4 |a 983  |b AMU  |2 21 
100 0 |a Amunátegui Solar, Domingo  |e author  |9 444723 
245 1 3 |a Un soldado de la Conquista de Chile. Publicado en los Anales de la Universidad 
250 |a 2a. ed 
300 |a 239 p 
942 |c BK 
945 |d 20070124 00:00:00  |a rinostro 
260 |a Santiago  |b Imprenta Cervantes, Bandera, 46  |c 1898 
500 |a Front., fotografía de D. Francisco Cortés Monroi 
600 0 7 |a CORTES DE MONROY, PEDRO  |2 CL-VaPUC  |9 504215 
650 0 |a Biografías  |9 255210 
650 0 |a Genealogía  |9 255285 
650 0 |a Iconografía   |9 267998 
650 0 |a Guerra de Arauco  |9 267618 
650 0 |a Historia de Chile  |9 265473 
583 |a last modification  |c 20070124 00:00:00  |k Rodrigo Vera 
999 |c 321184  |d 321182 
952 |0 0  |1 0  |4 0  |6 983_000000000000000_AMU_1898  |7 0  |8 X  |9 399866  |a FDOBUD  |b FDOBUD  |d 2019-11-22  |i 1029592  |o 983 AMU 1898  |p 1029592  |r 2019-11-22  |w 2019-11-22  |y BK_X  |k BUD